| 000 | 00685nam a2200205Ia 4500 | ||
|---|---|---|---|
| 005 | 20230520095449.0 | ||
| 008 | 131103s9999 xx 000 0 und d | ||
| 040 | _aLoreto College | ||
| 041 | _aEnglish | ||
| 082 |
_a833 _bDUR |
||
| 100 | _aDurrenmatt,Friedrich | ||
| 245 | 4 |
_aThe pledge _cFriedrich Durrenmatt; translated by Richard and Clara Winston |
|
| 260 |
_aHarmoundsworth _bPenguin Books _c1959 |
||
| 300 | _a143 p. | ||
| 440 | _aPenguin Crime | ||
| 504 | _aAccn 46635 is translated by Joel Agee and published from London, University of Chicago Press in 2000. Total no. of page is 172. Hight is 18cm. | ||
| 700 | _aWinston,Richard,tr. | ||
| 850 | _aLCLIB | ||
| 942 | _cBK | ||
| 999 |
_c5390 _d55869 |
||